Kárpátalja
Elmentve itt :
| Szerző: | |
|---|---|
| Dokumentumtípus: | Cikk |
| Megjelent: |
1939
|
| Sorozat: | Magyar lélek : a magyar népművelők országos folyóirata
1 No. 4 |
| Kulcsszavak: | Történelemtudomány |
| Online Access: | http://misc.bibl.u-szeged.hu/1801 |
| LEADER | 00585nab a2200169 i 4500 | ||
|---|---|---|---|
| 001 | misc1801 | ||
| 005 | 20191106142025.0 | ||
| 008 | 170607s1939 hu o 0|| hun d | ||
| 040 | |a SZTE Miscellanea Repozitórium |b hun | ||
| 041 | |a hun | ||
| 100 | 1 | |a Milleker Rezső | |
| 245 | 1 | 0 | |a Kárpátalja |h [elektronikus dokumentum] / |c Milleker Rezső |
| 260 | |c 1939 | ||
| 300 | |a 289-291 | ||
| 490 | 0 | |a Magyar lélek : a magyar népművelők országos folyóirata |v 1 No. 4 | |
| 695 | |a Történelemtudomány | ||
| 856 | 4 | 0 | |u http://misc.bibl.u-szeged.hu/1801/1/magyar_lelek_001_004_289-291.pdf |z Dokumentum-elérés |